<?xml version="1.0" encoding="UTF-8"?>
<collection xmlns="http://www.loc.gov/MARC21/slim">
 <record>
  <leader>08102cam a2201117   4500</leader>
  <controlfield tag="001">680353062</controlfield>
  <controlfield tag="003">DE-627</controlfield>
  <controlfield tag="005">20241024162948.0</controlfield>
  <controlfield tag="007">tu</controlfield>
  <controlfield tag="008">111221s2013    gw |||||      00| ||ger c</controlfield>
  <datafield tag="010" ind1=" " ind2=" ">
   <subfield code="a">  2013494140</subfield>
  </datafield>
  <datafield tag="015" ind1=" " ind2=" ">
   <subfield code="a">11,N51</subfield>
   <subfield code="2">dnb</subfield>
  </datafield>
  <datafield tag="015" ind1=" " ind2=" ">
   <subfield code="a">11,N51</subfield>
   <subfield code="2">dnb</subfield>
  </datafield>
  <datafield tag="016" ind1="7" ind2=" ">
   <subfield code="a">1017864020</subfield>
   <subfield code="2">DE-101</subfield>
  </datafield>
  <datafield tag="020" ind1=" " ind2=" ">
   <subfield code="a">9783412208684</subfield>
   <subfield code="c">Gb. : ca. EUR 79.90 (DE), ca. EUR 82.20 (AT)</subfield>
   <subfield code="9">978-3-412-20868-4</subfield>
  </datafield>
  <datafield tag="020" ind1=" " ind2=" ">
   <subfield code="a">341220868X</subfield>
   <subfield code="9">3-412-20868-X</subfield>
  </datafield>
  <datafield tag="024" ind1="3" ind2=" ">
   <subfield code="a">9783412208684</subfield>
  </datafield>
  <datafield tag="035" ind1=" " ind2=" ">
   <subfield code="a">(DE-627)680353062</subfield>
  </datafield>
  <datafield tag="035" ind1=" " ind2=" ">
   <subfield code="a">(DE-576)39416816X</subfield>
  </datafield>
  <datafield tag="035" ind1=" " ind2=" ">
   <subfield code="a">(DE-599)DNB1017864020</subfield>
  </datafield>
  <datafield tag="035" ind1=" " ind2=" ">
   <subfield code="a">(OCoLC)861176894</subfield>
  </datafield>
  <datafield tag="035" ind1=" " ind2=" ">
   <subfield code="a">(OCoLC)862967542</subfield>
  </datafield>
  <datafield tag="040" ind1=" " ind2=" ">
   <subfield code="a">DE-627</subfield>
   <subfield code="b">ger</subfield>
   <subfield code="c">DE-627</subfield>
   <subfield code="e">rakwb</subfield>
  </datafield>
  <datafield tag="041" ind1=" " ind2=" ">
   <subfield code="a">ger</subfield>
   <subfield code="a">pol</subfield>
  </datafield>
  <datafield tag="044" ind1=" " ind2=" ">
   <subfield code="c">XA-DE</subfield>
   <subfield code="c">XA-AT</subfield>
   <subfield code="c">XA-DE-NW</subfield>
  </datafield>
  <datafield tag="050" ind1=" " ind2="0">
   <subfield code="a">BX4638.P62</subfield>
  </datafield>
  <datafield tag="072" ind1=" " ind2="7">
   <subfield code="a">HIS000000</subfield>
   <subfield code="2">bisacsh</subfield>
  </datafield>
  <datafield tag="082" ind1="0" ind2=" ">
   <subfield code="a">940</subfield>
   <subfield code="q">BSZ</subfield>
  </datafield>
  <datafield tag="082" ind1="0" ind2="4">
   <subfield code="a">230</subfield>
   <subfield code="a">720</subfield>
   <subfield code="a">940</subfield>
   <subfield code="q">DNB</subfield>
  </datafield>
  <datafield tag="082" ind1="0" ind2="4">
   <subfield code="a">940</subfield>
  </datafield>
  <datafield tag="084" ind1=" " ind2=" ">
   <subfield code="a">7,41</subfield>
   <subfield code="a">8,1</subfield>
   <subfield code="2">ssgn</subfield>
  </datafield>
  <datafield tag="084" ind1=" " ind2=" ">
   <subfield code="a">9,10</subfield>
   <subfield code="2">ssgn</subfield>
  </datafield>
  <datafield tag="084" ind1=" " ind2=" ">
   <subfield code="a">NR 8120</subfield>
   <subfield code="q">BVB</subfield>
   <subfield code="2">rvk</subfield>
   <subfield code="0">(DE-625)rvk/129823:</subfield>
  </datafield>
  <datafield tag="084" ind1=" " ind2=" ">
   <subfield code="a">15.46</subfield>
   <subfield code="2">bkl</subfield>
  </datafield>
  <datafield tag="084" ind1=" " ind2=" ">
   <subfield code="a">11.53</subfield>
   <subfield code="2">bkl</subfield>
  </datafield>
  <datafield tag="084" ind1=" " ind2=" ">
   <subfield code="a">15.72</subfield>
   <subfield code="2">bkl</subfield>
  </datafield>
  <datafield tag="245" ind1="1" ind2="0">
   <subfield code="a">Chronik der Marienkirche in Danzig</subfield>
   <subfield code="b">das &quot;Historische Kirchen Register&quot; von Eberhard Bötticher (1616) ;  Transkription und Auswertung = Kronika Kośioła Mariackiego w Gdańsku</subfield>
   <subfield code="c">bearb. von Christofer Herrmann und Edmund Kizik</subfield>
  </datafield>
  <datafield tag="246" ind1="3" ind2="1">
   <subfield code="a">Kronika Kośioła Mariackiego w Gdańsku</subfield>
  </datafield>
  <datafield tag="246" ind1="3" ind2="0">
   <subfield code="a">Kirchenregister</subfield>
  </datafield>
  <datafield tag="264" ind1=" " ind2="1">
   <subfield code="a">Köln</subfield>
   <subfield code="a">Weimar</subfield>
   <subfield code="a">Wien</subfield>
   <subfield code="b">Böhlau</subfield>
   <subfield code="c">2013</subfield>
  </datafield>
  <datafield tag="300" ind1=" " ind2=" ">
   <subfield code="a">775 S.</subfield>
   <subfield code="b">Ill.</subfield>
   <subfield code="c">240 mm x 170 mm</subfield>
  </datafield>
  <datafield tag="336" ind1=" " ind2=" ">
   <subfield code="a">Text</subfield>
   <subfield code="b">txt</subfield>
   <subfield code="2">rdacontent</subfield>
  </datafield>
  <datafield tag="337" ind1=" " ind2=" ">
   <subfield code="a">ohne Hilfsmittel zu benutzen</subfield>
   <subfield code="b">n</subfield>
   <subfield code="2">rdamedia</subfield>
  </datafield>
  <datafield tag="338" ind1=" " ind2=" ">
   <subfield code="a">Band</subfield>
   <subfield code="b">nc</subfield>
   <subfield code="2">rdacarrier</subfield>
  </datafield>
  <datafield tag="490" ind1="1" ind2=" ">
   <subfield code="a">Veröffentlichungen aus den Archiven Preussischer Kulturbesitz</subfield>
   <subfield code="v">Bd. 67</subfield>
  </datafield>
  <datafield tag="505" ind1="8" ind2="0">
   <subfield code="a">Edmund KizikDanzig in der Zeit Eberhard Böttichers (zweite Hälfte 16. und Anfang 17. Jahrhundert)Gdańsk w czasach Eberharda Böttichera (w drugiej polowie XVI i początkach XVII w.)Edmund KizikEberhard Bötticher (1554-1617) Kaufmann, Chronist und Kirchenvater der Marienkirche in DanzigEberhard Bötticher (1554-1617) kupiec, kronikarz, witryk kościola Mariackiego w GdańskuChristofer HerrmannDie Kirchenväter der Danziger Marienkirche. Stellung, Aufgaben und Wirken vom 14. bis zum Anfang des 17. JahrhundertsWitrycy kościoła Mariackiego w Gdańsku : Pozycja, zadania i działalność od XIV do początku XVII w.Anhang/aneks 1 : Liste der Kirchenväter und Inspektoren/Lista witryków i inspektorówAnhang/aneks 2 : Kirchenordnung der Danziger Marienkirche von 1389/Ordynacja kościoła NMP w Gdańsku z 1389 r.Christofer Herrmann&quot;Zur Zier geputzett und rein gemacht&quot; : das Verhältnis der Kirchenväter zu den Kunstwerken der Marienkirche&quot;Zur Zier geputzett und rein gemacht&quot; : Stosunek witryków do dziel sztuki w kościele MariackimEdmund KizikWerkverzeichnis der Schriften Eberhard Böttichers (Chroniken, Dokumentensammlungen, Tagebücher, Amtsbücher Autographen, Abschriften und Fortsetzungen, erhaltene und verschwundene Arbeiten)Zestawienie dorobku pisarskiego Eberharda Böttichera : Kroniki, zbiory dokumentów, pamiętniki i księgi urzędowe, autografy, odpisy i kontynuacje, prace zachowane i zaginioneEdmund KizikDas Historische Kirchen Register : Werkbeschreibung und QuellenHistorisches Kirchen Register : opis autografu oraz jego źródełEditionHistorisches Kirchen Register von Eberhard Bötticher EditionsrichtlinienHistorisches Kirchen Register Eberharda Böttichera Zasady edytorskieEberhard BötticherHistorisch Kirchen Register der grossen Pfarkirchen in der Rechten Stad Dantzig S. Marien oder von alters Unser Lieben Frawen genant, auss allen derselben Kirchen Büchern und andern Chroniken und alten Schriften zusamen getragenAnhangWährungen und Masse in Danzig im Zeitalter : Eberhard Böttichers (2. Hälfte 16. Jahrhundert bis um 1620)Monety i miary w Gdańsku w okresie Eberharda Böttichera 2 poł. XVI : ok. 1620 rBibliographie (Abkürzungsverzeichnis)Bibliografia (wykaz skrótów)Ortsverzeichnis/spis miejscowościPersonenverzeichnis/spis osobowyAbbildungsverzeichnis/spis ilustracji.</subfield>
  </datafield>
  <datafield tag="546" ind1=" " ind2=" ">
   <subfield code="a">Text z.T. in dt. und poln. Sprache</subfield>
  </datafield>
  <datafield tag="583" ind1="1" ind2=" ">
   <subfield code="a">Archivierung/Langzeitarchivierung gewährleistet</subfield>
   <subfield code="f">SSG</subfield>
   <subfield code="x">XA-DE-BW</subfield>
   <subfield code="2">pdager</subfield>
   <subfield code="5">DE-16</subfield>
  </datafield>
  <datafield tag="583" ind1="1" ind2=" ">
   <subfield code="a">Archivierung prüfen</subfield>
   <subfield code="c">20240324</subfield>
   <subfield code="f">DE-4165</subfield>
   <subfield code="z">3</subfield>
   <subfield code="2">pdager</subfield>
  </datafield>
  <datafield tag="600" ind1="1" ind2="0">
   <subfield code="a">Bötticher, Eberhard</subfield>
   <subfield code="d">1554-1617</subfield>
   <subfield code="t">Historische Kirchen Register</subfield>
  </datafield>
  <datafield tag="610" ind1="1" ind2="0">
   <subfield code="a">Bazylika Mariacka w Gdańsku</subfield>
   <subfield code="x">History</subfield>
   <subfield code="v">Sources</subfield>
  </datafield>
  <datafield tag="651" ind1=" " ind2="0">
   <subfield code="a">Gdańsk (Poland)</subfield>
   <subfield code="x">Church history</subfield>
   <subfield code="v">Sources</subfield>
  </datafield>
  <datafield tag="655" ind1=" " ind2="7">
   <subfield code="a">Aufsatzsammlung</subfield>
   <subfield code="0">(DE-588)4143413-4</subfield>
   <subfield code="0">(DE-627)105605727</subfield>
   <subfield code="0">(DE-576)209726091</subfield>
   <subfield code="2">gnd-content</subfield>
  </datafield>
  <datafield tag="655" ind1=" " ind2="7">
   <subfield code="a">Quelle</subfield>
   <subfield code="0">(DE-588)4135952-5</subfield>
   <subfield code="0">(DE-627)105661236</subfield>
   <subfield code="0">(DE-576)209665084</subfield>
   <subfield code="2">gnd-content</subfield>
  </datafield>
  <datafield tag="689" ind1="0" ind2="0">
   <subfield code="d">p</subfield>
   <subfield code="0">(DE-588)135552834</subfield>
   <subfield code="0">(DE-627)693581557</subfield>
   <subfield code="0">(DE-576)30051090X</subfield>
   <subfield code="a">Bötticher, Eberhard</subfield>
   <subfield code="d">1554-1617</subfield>
   <subfield code="2">gnd</subfield>
  </datafield>
  <datafield tag="689" ind1="0" ind2="1">
   <subfield code="d">g</subfield>
   <subfield code="0">(DE-588)4449610-2</subfield>
   <subfield code="0">(DE-627)226442314</subfield>
   <subfield code="0">(DE-576)212554638</subfield>
   <subfield code="a">Sankt Marien</subfield>
   <subfield code="g">Danzig</subfield>
   <subfield code="2">gnd</subfield>
  </datafield>
  <datafield tag="689" ind1="0" ind2="2">
   <subfield code="d">s</subfield>
   <subfield code="0">(DE-588)4020531-9</subfield>
   <subfield code="0">(DE-627)104564326</subfield>
   <subfield code="0">(DE-576)208933751</subfield>
   <subfield code="a">Geschichtsschreibung</subfield>
   <subfield code="2">gnd</subfield>
  </datafield>
  <datafield tag="689" ind1="0" ind2="3">
   <subfield code="a">z</subfield>
   <subfield code="2">gnd</subfield>
   <subfield code="a">Geschichte 1343-1616</subfield>
  </datafield>
  <datafield tag="689" ind1="0" ind2=" ">
   <subfield code="5">DE-101</subfield>
  </datafield>
  <datafield tag="689" ind1="1" ind2="0">
   <subfield code="d">g</subfield>
   <subfield code="0">(DE-588)4449610-2</subfield>
   <subfield code="0">(DE-627)226442314</subfield>
   <subfield code="0">(DE-576)212554638</subfield>
   <subfield code="a">Sankt Marien</subfield>
   <subfield code="g">Danzig</subfield>
   <subfield code="2">gnd</subfield>
  </datafield>
  <datafield tag="689" ind1="1" ind2="1">
   <subfield code="a">z</subfield>
   <subfield code="2">gnd</subfield>
   <subfield code="a">Geschichte 1343-1616</subfield>
  </datafield>
  <datafield tag="689" ind1="1" ind2=" ">
   <subfield code="5">DE-101</subfield>
  </datafield>
  <datafield tag="689" ind1="2" ind2="0">
   <subfield code="d">g</subfield>
   <subfield code="0">(DE-588)4011039-4</subfield>
   <subfield code="0">(DE-627)106354574</subfield>
   <subfield code="0">(DE-576)208891579</subfield>
   <subfield code="a">Danzig</subfield>
   <subfield code="2">gnd</subfield>
  </datafield>
  <datafield tag="689" ind1="2" ind2="1">
   <subfield code="a">z</subfield>
   <subfield code="2">gnd</subfield>
   <subfield code="a">Kirchengeschichte 1343-1616</subfield>
  </datafield>
  <datafield tag="689" ind1="2" ind2=" ">
   <subfield code="5">DE-101</subfield>
  </datafield>
  <datafield tag="689" ind1="3" ind2="0">
   <subfield code="d">p</subfield>
   <subfield code="0">(DE-588)135552834</subfield>
   <subfield code="0">(DE-627)693581557</subfield>
   <subfield code="0">(DE-576)30051090X</subfield>
   <subfield code="a">Bötticher, Eberhard</subfield>
   <subfield code="d">1554-1617</subfield>
   <subfield code="2">gnd</subfield>
  </datafield>
  <datafield tag="689" ind1="3" ind2=" ">
   <subfield code="5">DE-101</subfield>
  </datafield>
  <datafield tag="689" ind1="4" ind2="0">
   <subfield code="d">g</subfield>
   <subfield code="0">(DE-588)4449610-2</subfield>
   <subfield code="0">(DE-627)226442314</subfield>
   <subfield code="0">(DE-576)212554638</subfield>
   <subfield code="a">Sankt Marien</subfield>
   <subfield code="g">Danzig</subfield>
   <subfield code="2">gnd</subfield>
  </datafield>
  <datafield tag="689" ind1="4" ind2=" ">
   <subfield code="5">(DE-627)</subfield>
  </datafield>
  <datafield tag="700" ind1="1" ind2=" ">
   <subfield code="a">Herrmann, Christofer</subfield>
   <subfield code="d">1962-</subfield>
   <subfield code="e">Bearb.</subfield>
   <subfield code="0">(DE-588)11571877X</subfield>
   <subfield code="0">(DE-627)077426185</subfield>
   <subfield code="0">(DE-576)174619790</subfield>
   <subfield code="4">adp</subfield>
  </datafield>
  <datafield tag="700" ind1="1" ind2=" ">
   <subfield code="a">Kizik, Edmund</subfield>
   <subfield code="d">1960-</subfield>
   <subfield code="0">(DE-588)132599449</subfield>
   <subfield code="0">(DE-627)524412553</subfield>
   <subfield code="0">(DE-576)172365481</subfield>
   <subfield code="4">oth</subfield>
  </datafield>
  <datafield tag="700" ind1="1" ind2=" ">
   <subfield code="a">Bötticher, Eberhard</subfield>
   <subfield code="d">1554-1617</subfield>
   <subfield code="0">(DE-588)135552834</subfield>
   <subfield code="0">(DE-627)693581557</subfield>
   <subfield code="0">(DE-576)30051090X</subfield>
   <subfield code="4">oth</subfield>
  </datafield>
  <datafield tag="776" ind1="0" ind2="8">
   <subfield code="i">Erscheint auch als</subfield>
   <subfield code="n">Online-Ausgabe</subfield>
   <subfield code="t">Chronik der Marienkirche in Danzig</subfield>
   <subfield code="d">Köln : Böhlau, 2013</subfield>
   <subfield code="h">775 S.</subfield>
   <subfield code="w">(DE-627)782314031</subfield>
   <subfield code="w">(DE-576)408927232</subfield>
   <subfield code="z">9783412208684</subfield>
  </datafield>
  <datafield tag="787" ind1="0" ind2="8">
   <subfield code="i">Rezensiert in</subfield>
   <subfield code="a">Northemann, Yvonne</subfield>
   <subfield code="t">[Rezension von: Christopher Herrmann / Edmund Kizik (Bearb.), Chronik der Marienkirche in Danzig. Das &quot;Historische Kirchen Register&quot; von Eberhard Bötticher (1616)]</subfield>
   <subfield code="d">2014</subfield>
   <subfield code="w">(DE-627)1797109189</subfield>
  </datafield>
  <datafield tag="830" ind1=" " ind2="0">
   <subfield code="a">Veröffentlichungen aus den Archiven Preußischer Kulturbesitz</subfield>
   <subfield code="v">67</subfield>
   <subfield code="9">67</subfield>
   <subfield code="w">(DE-627)130259365</subfield>
   <subfield code="w">(DE-576)015823652</subfield>
   <subfield code="w">(DE-600)556401-3</subfield>
   <subfield code="x">0930-8849</subfield>
   <subfield code="7">ns</subfield>
  </datafield>
  <datafield tag="856" ind1="4" ind2="2">
   <subfield code="u">http://deposit.dnb.de/cgi-bin/dokserv?id=3935471&amp;prov=M&amp;dok_var=1&amp;dok_ext=htm</subfield>
   <subfield code="m">X:MVB</subfield>
   <subfield code="q">text/html</subfield>
   <subfield code="x">Verlag</subfield>
   <subfield code="3">Inhaltstext</subfield>
  </datafield>
  <datafield tag="856" ind1="4" ind2="2">
   <subfield code="u">https://swbplus.bsz-bw.de/bsz39416816Xrez.htm</subfield>
   <subfield code="m">B:DE-576;DE-16</subfield>
   <subfield code="q">application/pdf</subfield>
   <subfield code="v">20141219111155</subfield>
   <subfield code="x">Verlag</subfield>
   <subfield code="3">Rezension</subfield>
  </datafield>
  <datafield tag="856" ind1="4" ind2="2">
   <subfield code="u">http://www.sehepunkte.de/2014/12/24014.html</subfield>
   <subfield code="m">V:DE-576;X:Sehepunkte</subfield>
   <subfield code="q">text/html</subfield>
   <subfield code="v">20180417093912</subfield>
   <subfield code="3">Rezension</subfield>
  </datafield>
  <datafield tag="935" ind1=" " ind2=" ">
   <subfield code="i">Blocktest</subfield>
  </datafield>
  <datafield tag="936" ind1="r" ind2="v">
   <subfield code="a">NR 8120</subfield>
   <subfield code="b">Danzig</subfield>
   <subfield code="k">Geschichte</subfield>
   <subfield code="k">Landes- und Stadtgeschichte (Allgemeine, Deutsche und Österreichische Landes- und Stadtgeschichte, Ausländische Stadtgeschichte, Geschichte der Auslanddeutschen)</subfield>
   <subfield code="k">Deutsche Landesgeschichte im Einzelnen (einschl. ehemaliger deutscher Gebiete)</subfield>
   <subfield code="k">Westpreußen mit Danzig</subfield>
   <subfield code="k">Stadtgeschichte</subfield>
   <subfield code="k">Einzelne Städte</subfield>
   <subfield code="k">Danzig</subfield>
   <subfield code="0">(DE-627)1271529378</subfield>
   <subfield code="0">(DE-625)rvk/129823:</subfield>
   <subfield code="0">(DE-576)201529378</subfield>
  </datafield>
  <datafield tag="936" ind1="b" ind2="k">
   <subfield code="a">15.46</subfield>
   <subfield code="j">Brandenburg</subfield>
   <subfield code="j">Preußen</subfield>
   <subfield code="j">Berlin</subfield>
   <subfield code="x">Deutsche Geschichte</subfield>
   <subfield code="0">(DE-627)181569698</subfield>
  </datafield>
  <datafield tag="936" ind1="b" ind2="k">
   <subfield code="a">11.53</subfield>
   <subfield code="j">Neuzeitliches Christentum</subfield>
   <subfield code="0">(DE-627)181571498</subfield>
  </datafield>
  <datafield tag="936" ind1="b" ind2="k">
   <subfield code="a">15.72</subfield>
   <subfield code="j">Polen</subfield>
   <subfield code="x">Geschichte</subfield>
   <subfield code="0">(DE-627)181570343</subfield>
  </datafield>
  <datafield tag="951" ind1=" " ind2=" ">
   <subfield code="a">BO</subfield>
  </datafield>
  <datafield tag="990" ind1=" " ind2=" ">
   <subfield code="a">Bötticher, Eberhard</subfield>
  </datafield>
  <datafield tag="990" ind1=" " ind2=" ">
   <subfield code="a">Sankt Marien</subfield>
  </datafield>
  <datafield tag="990" ind1=" " ind2=" ">
   <subfield code="a">Geschichtsschreibung</subfield>
  </datafield>
  <datafield tag="990" ind1=" " ind2=" ">
   <subfield code="a">Geschichte 1343-1616</subfield>
  </datafield>
  <datafield tag="990" ind1=" " ind2=" ">
   <subfield code="a">Sankt Marien</subfield>
  </datafield>
  <datafield tag="990" ind1=" " ind2=" ">
   <subfield code="a">Geschichte 1343-1616</subfield>
  </datafield>
  <datafield tag="990" ind1=" " ind2=" ">
   <subfield code="a">Danzig</subfield>
  </datafield>
  <datafield tag="990" ind1=" " ind2=" ">
   <subfield code="a">Kirchengeschichte 1343-1616</subfield>
  </datafield>
  <datafield tag="990" ind1=" " ind2=" ">
   <subfield code="a">Bötticher, Eberhard</subfield>
  </datafield>
  <datafield tag="990" ind1=" " ind2=" ">
   <subfield code="a">Sankt Marien</subfield>
  </datafield>
  <datafield tag="991" ind1=" " ind2=" ">
   <subfield code="a">Rezensiertes Werk</subfield>
  </datafield>
  <datafield tag="999" ind1=" " ind2=" ">
   <subfield code="a">KXP-PPN680353062</subfield>
   <subfield code="e">4183010578</subfield>
  </datafield>
 </record>
</collection>
